[Event "Oberbayern Bezirksliga 1617"]
[Site "Germany"]
[Date "2017.03.19"]
[Round "7.8"]
[White "Wriesnik, Manfred"]
[Black "Kozlowski, Heinz"]
[Result "0-1"]
[WhiteElo "1580"]
[BlackElo "1745"]
[PlyCount "62"]
[EventDate "2016.10.16"]
[EventType "team-tourn"]
[EventRounds "9"]
[EventCountry "GER"]
[SourceTitle "EXT 2019"]
[Source "ChessBase"]
[SourceDate "2018.10.10"]
[SourceVersion "1"]
[SourceVersionDate "2018.10.10"]
[SourceQuality "1"]
[WhiteTeam "Wolfratshausen"]
[BlackTeam "Fuerstenfeldbruck"]
[WhiteTeamCountry "GER"]
[BlackTeamCountry "GER"]

1. e4 c5 2. Nc3 Nc6 3. f4 g6 4. Nf3 Bg7 5. Bb5 Nd4 6. 0-0 a6 7. Bc4 e6 8. a4 Ne7 9. Ne2 Nxf3+ 10. Rxf3 d5 11. Rd3 Qb6 12. exd5 exd5 13. Bxd5 c4+ 14. Re3 0-0 15. Bxc4 Nf5 16. Kh1 Nxe3 17. dxe3 Bg4 18. h3 Rad8 19. Qf1 Bf5 20. c3 Qc6 21. Ng1 Qe4 22. Bb3 Rd6 23. Nf3 h6 24. Kh2 Rfd8 25. Nd4 Bd7 26. Bc2 Qe7 27. Bd2 Bc6 28. Nxc6 Rxc6 29. Re1 Rxd2 30. Bb3 Rxb2 31. Bd5 Rxc3 0-1